000 00662nam a2200205 a 4500
005 20140310183303.0
008 050704s19uu xx 00 eng d
020 _a0814470920
050 _aHD 42
_b.W58 2002
100 _aWithers, Bill
245 _aThe conflict management skills workshop :
_btrainer's guide /
_cBill Withers
260 _aNew York :
_bAmerican Management Association,
_c2002.
300 _a280 p. :
_bill. ;
_c29 cm.
500 _aIncludes index
521 _aBSBA
650 _aConflict management
_xHandbooks, manuals, etc.
650 _aCommunication in management
_xHandbooks, manuals, etc.
942 _cBK
_2lcc
_kFOR
999 _c21042
_d21042